[Event "Cappelle op 23rd"]
[Site "Cappelle-la-Grande"]
[Date "2007.03.05"]
[Round "4"]
[White "Delgado Ramirez, Neuris"]
[Black "Landenbergue, Claude"]
[Result "1/2-1/2"]
[WhiteElo "2562"]
[BlackElo "2450"]
[PlyCount "32"]
[EventDate "2007.03.03"]
[EventType "swiss"]
[EventRounds "9"]
[EventCountry "FRA"]
[SourceTitle "CBM 117 Extra"]
[Source "ChessBase"]
[SourceDate "2007.05.09"]
[SourceVersion "1"]
[SourceVersionDate "2007.05.09"]
[SourceQuality "1"]

1. e4 c5 2. Nf3 e6 3. d3 d5 4. Qe2 Ne7 5. g3 Nbc6 6. Bg2 g6 7. O-O Bg7 8. e5 h6
9. h4 b6 10. c3 Ba6 11. Na3 Qd7 12. Nc2 Rd8 13. Re1 d4 14. c4 Bxc4 15. dxc4 d3
16. Qd2 dxc2 1/2-1/2

[Event "Capablanca Memorial Elite 42nd"]
[Site "Havana"]
[Date "2007.05.18"]
[Round "1"]
[White "Delgado Ramirez, Neuris"]
[Black "Dominguez Perez, Leinier"]
[Result "1/2-1/2"]
[WhiteElo "2547"]
[BlackElo "2678"]
[PlyCount "90"]
[EventDate "2007.05.18"]
[EventType "tourn"]
[EventRounds "9"]
[EventCountry "CUB"]
[EventCategory "15"]
[SourceTitle "CBM 118 Extra"]
[Source "ChessBase"]
[SourceDate "2007.07.04"]
[SourceVersion "1"]
[SourceVersionDate "2007.07.04"]
[SourceQuality "1"]

1. e4 c5 2. Nf3 d6 3. Bb5+ Bd7 4. Bxd7+ Qxd7 5. O-O Nf6 6. Re1 Nc6 7. c3 e6 8.
d4 cxd4 9. cxd4 d5 10. e5 Ne4 11. Nbd2 Nxd2 12. Bxd2 Be7 13. Rc1 O-O 14. a3
Rfc8 15. Rc3 Bd8 16. h4 Ne7 17. Rd3 Qb5 18. Rb3 Qc6 19. h5 b6 20. h6 Qc2 21.
hxg7 Qxd1 22. Rxd1 Kxg7 23. Bg5 Rc2 24. Bf6+ Kg8 25. Nh2 Ng6 26. Ng4 Bxf6 27.
exf6 Rac8 28. a4 h5 29. Nh6+ Kh7 30. Nxf7 Rf8 31. Ng5+ Kh6 32. Nh3 Rxf6 33. g3
Rc4 34. a5 bxa5 35. Rb7 Rb4 36. Rxa7 Rxb2 37. Rxa5 h4 38. Ra3 hxg3 39. Rxg3 Nh4
40. Kh1 Rg6 41. Ra3 Rg4 42. Re1 Rb6 43. Rae3 Rxd4 44. Rxe6+ Rxe6 45. Rxe6+ Kg7
1/2-1/2

[Event "Capablanca Memorial Elite 42nd"]
[Site "Havana"]
[Date "2007.05.19"]
[Round "2"]
[White "Arencibia Rodriguez, Walter"]
[Black "Delgado Ramirez, Neuris"]
[Result "1-0"]
[WhiteElo "2555"]
[BlackElo "2547"]
[PlyCount "47"]
[EventDate "2007.05.18"]
[EventType "tourn"]
[EventRounds "9"]
[EventCountry "CUB"]
[EventCategory "15"]
[SourceTitle "CBM 118 Extra"]
[Source "ChessBase"]
[SourceDate "2007.07.04"]
[SourceVersion "1"]
[SourceVersionDate "2007.07.04"]
[SourceQuality "1"]

1. e4 c5 2. Nf3 d6 3. d4 cxd4 4. Nxd4 Nf6 5. Nc3 Nc6 6. Bg5 e6 7. Qd2 a6 8.
O-O-O Bd7 9. f3 h6 10. Be3 b5 11. Nxc6 Bxc6 12. Kb1 Qc7 13. Bd3 Be7 14. h4 Nd7
15. Ne2 Bb7 16. g4 Ne5 17. Nd4 d5 18. Bf4 dxe4 19. Bxe4 Bxe4 20. fxe4 O-O-O 21.
Qg2 Bd6 22. Rh3 Nc6 23. Nxc6 Qxc6 24. Rxd6 1-0

[Event "Capablanca Memorial Elite 42nd"]
[Site "Havana"]
[Date "2007.05.20"]
[Round "3"]
[White "Delgado Ramirez, Neuris"]
[Black "Miton, Kamil"]
[Result "1/2-1/2"]
[WhiteElo "2547"]
[BlackElo "2653"]
[PlyCount "84"]
[EventDate "2007.05.18"]
[EventType "tourn"]
[EventRounds "9"]
[EventCountry "CUB"]
[EventCategory "15"]
[SourceTitle "CBM 118 Extra"]
[Source "ChessBase"]
[SourceDate "2007.07.04"]
[SourceVersion "1"]
[SourceVersionDate "2007.07.04"]
[SourceQuality "1"]

1. e4 c5 2. Nf3 d6 3. Bb5+ Nd7 4. c3 Ngf6 5. Qe2 a6 6. Ba4 Qc7 7. O-O c4 8. Bc2
e6 9. d4 cxd3 10. Bxd3 Be7 11. Bg5 O-O 12. Nbd2 b6 13. Nd4 Bb7 14. Rae1 Rfe8
15. f4 h6 16. Bh4 b5 17. e5 Nd5 18. Bg3 Bf8 19. Bb1 b4 20. c4 Ne7 21. Kh1 Nc6
22. N4b3 Rad8 23. Ne4 dxe5 24. fxe5 Ncxe5 25. c5 Qc8 26. Nd6 Bxd6 27. cxd6 f6
28. Rc1 Qa8 29. Qc2 f5 30. Qe2 Nf7 31. Rc7 Bd5 32. Bh4 Nxd6 33. Nd4 Nf8 34.
Bxd8 Qxd8 35. Rfc1 Qf6 36. Nf3 Ng6 37. Qxa6 Ne4 38. Qb5 Rf8 39. Qxb4 Nf2+ 40.
Kg1 Nh3+ 41. Kh1 Nf2+ 42. Kg1 Nh3+ 1/2-1/2

[Event "Capablanca Memorial Elite 42nd"]
[Site "Havana"]
[Date "2007.05.21"]
[Round "4"]
[White "Delgado Ramirez, Neuris"]
[Black "Nielsen, Peter Heine"]
[Result "1/2-1/2"]
[WhiteElo "2547"]
[BlackElo "2649"]
[PlyCount "26"]
[EventDate "2007.05.18"]
[EventType "tourn"]
[EventRounds "9"]
[EventCountry "CUB"]
[EventCategory "15"]
[SourceTitle "CBM 118 Extra"]
[Source "ChessBase"]
[SourceDate "2007.07.04"]
[SourceVersion "1"]
[SourceVersionDate "2007.07.04"]
[SourceQuality "1"]

1. e4 c6 2. Nf3 d5 3. Nc3 Bg4 4. h3 Bxf3 5. Qxf3 e6 6. d3 Nd7 7. Qe2 dxe4 8.
Nxe4 Ngf6 9. g3 a5 10. Bg2 a4 11. O-O Be7 12. Bd2 O-O 13. b4 axb3 1/2-1/2

[Event "Capablanca Memorial Elite 42nd"]
[Site "Havana"]
[Date "2007.05.22"]
[Round "5"]
[White "Nogueiras Santiago, Jesus"]
[Black "Delgado Ramirez, Neuris"]
[Result "1/2-1/2"]
[WhiteElo "2552"]
[BlackElo "2547"]
[PlyCount "25"]
[EventDate "2007.05.18"]
[EventType "tourn"]
[EventRounds "9"]
[EventCountry "CUB"]
[EventCategory "15"]
[SourceTitle "CBM 118 Extra"]
[Source "ChessBase"]
[SourceDate "2007.07.04"]
[SourceVersion "1"]
[SourceVersionDate "2007.07.04"]
[SourceQuality "1"]

1. d4 Nf6 2. Nf3 e6 3. c4 b6 4. g3 Bb7 5. Bg2 Bb4+ 6. Bd2 c5 7. Bxb4 cxb4 8.
O-O O-O 9. Nbd2 Qc7 10. Ne1 Bxg2 11. Nxg2 Nc6 12. e3 a5 13. Qe2 1/2-1/2

[Event "Capablanca Memorial Elite 42nd"]
[Site "Havana"]
[Date "2007.05.24"]
[Round "6"]
[White "Delgado Ramirez, Neuris"]
[Black "Bruzon Batista, Lazaro"]
[Result "1/2-1/2"]
[WhiteElo "2547"]
[BlackElo "2620"]
[PlyCount "87"]
[EventDate "2007.05.18"]
[EventType "tourn"]
[EventRounds "9"]
[EventCountry "CUB"]
[EventCategory "15"]
[SourceTitle "CBM 118 Extra"]
[Source "ChessBase"]
[SourceDate "2007.07.04"]
[SourceVersion "1"]
[SourceVersionDate "2007.07.04"]
[SourceQuality "1"]

1. e4 c5 2. Nf3 d6 3. Bb5+ Bd7 4. Bxd7+ Nxd7 5. O-O Ngf6 6. Qe2 e6 7. c4 Be7 8.
Nc3 O-O 9. d3 a6 10. h3 Rc8 11. a3 Qc7 12. Bd2 Rfd8 13. Nh2 Ne5 14. f4 Nc6 15.
g4 Nd4 16. Qg2 b5 17. g5 Nh5 18. Rae1 b4 19. Nd1 bxa3 20. bxa3 Bf8 21. Ng4 Re8
22. Rf2 Rb8 23. Ref1 Rb3 24. Bc3 Rxa3 25. f5 exf5 26. Nh6+ gxh6 27. gxh6+ Kh8
28. Qg5 Re6 29. Qxh5 Rxh6 30. Bxd4+ cxd4 31. Qxf5 Rxd3 32. Rg2 Rg6 33. Nf2 Rd2
34. Qd5 Bh6 35. Ng4 Be3+ 36. Kh1 Rxg2 37. Kxg2 Kg7 38. Kh1 Qe7 39. e5 dxe5 40.
Nxe5 Rf6 41. Qg2+ Kh8 42. Qa8+ Kg7 43. Qg2+ Kh8 44. Qa8+ 1/2-1/2

[Event "Capablanca Memorial Elite 42nd"]
[Site "Havana"]
[Date "2007.05.28"]
[Round "9"]
[White "Ivanchuk, Vassily"]
[Black "Delgado Ramirez, Neuris"]
[Result "1-0"]
[WhiteElo "2729"]
[BlackElo "2547"]
[PlyCount "65"]
[EventDate "2007.05.18"]
[EventType "tourn"]
[EventRounds "9"]
[EventCountry "CUB"]
[EventCategory "15"]
[SourceTitle "CBM 118 Extra"]
[Source "ChessBase"]
[SourceDate "2007.07.04"]
[SourceVersion "1"]
[SourceVersionDate "2007.07.04"]
[SourceQuality "1"]

1. e4 c5 2. Nf3 d6 3. d4 cxd4 4. Nxd4 Nf6 5. Nc3 Nc6 6. Bg5 Qb6 7. Nb3 e6 8.
Bf4 Ne5 9. Be3 Qc7 10. f4 Nc6 11. g4 d5 12. e5 Nd7 13. Nb5 Qd8 14. h4 a6 15.
N5d4 Nxd4 16. Qxd4 b6 17. O-O-O Qc7 18. Rh3 Bb7 19. Bf2 Rc8 20. Rc3 Bc5 21.
Nxc5 bxc5 22. Qd2 O-O 23. h5 c4 24. h6 g6 25. Bxc4 Qa5 26. Bb3 Rxc3 27. Qxc3
Qxc3 28. bxc3 g5 29. c4 dxc4 30. Rxd7 Bc8 31. Ra7 cxb3 32. axb3 gxf4 33. Bh4
1-0

[Event "Cuiaba op"]
[Site "Cuiaba"]
[Date "2007.10.04"]
[Round "1"]
[White "Vasconcelos, Danilo Nunes"]
[Black "Delgado Ramirez, Neuris"]
[Result "0-1"]
[WhiteElo "1949"]
[BlackElo "2539"]
[PlyCount "74"]
[EventDate "2007.10.04"]
[EventType "swiss"]
[EventRounds "6"]
[EventCountry "BRA"]
[SourceTitle "EXT 2008"]
[Source "ChessBase"]
[SourceDate "2007.11.25"]
[SourceVersion "1"]
[SourceVersionDate "2007.11.25"]
[SourceQuality "1"]

1. e4 c5 2. Nf3 d6 3. d4 cxd4 4. Nxd4 Nf6 5. Nc3 a6 6. a4 e5 7. Nb3 Be6 8. Be2
Nbd7 9. Be3 Rc8 10. Qd2 Be7 11. O-O O-O 12. Kh1 Nb6 13. f4 Nc4 14. Bxc4 Bxc4
15. fxe5 dxe5 16. Rfd1 Qxd2 17. Nxd2 Be6 18. Nf3 Bb4 19. Nd5 Bxd5 20. exd5 e4
21. c3 Bxc3 22. bxc3 exf3 23. Rd3 fxg2+ 24. Kxg2 Rfd8 25. Rad1 h6 26. Bb6 Rd6
27. Ba5 b6 28. Bb4 Rd7 29. a5 bxa5 30. Bxa5 Rc5 31. Bb4 Rcxd5 32. Rxd5 Nxd5 33.
Rd4 Ne3+ 34. Kf3 Rxd4 35. cxd4 Nd5 36. Ba3 f5 37. h4 Kf7 0-1

[Event "Cuiaba op"]
[Site "Cuiaba"]
[Date "2007.10.05"]
[Round "2"]
[White "Delgado Ramirez, Neuris"]
[Black "Aranha Filho, Alvaro Zimmermann"]
[Result "1-0"]
[WhiteElo "2539"]
[BlackElo "2266"]
[PlyCount "88"]
[EventDate "2007.10.04"]
[EventType "swiss"]
[EventRounds "6"]
[EventCountry "BRA"]
[SourceTitle "EXT 2008"]
[Source "ChessBase"]
[SourceDate "2007.11.25"]
[SourceVersion "1"]
[SourceVersionDate "2007.11.25"]
[SourceQuality "1"]

1. Nf3 Nf6 2. g3 d5 3. Bg2 g6 4. O-O Bg7 5. c4 c6 6. d4 O-O 7. Qb3 dxc4 8. Qxc4
Qd5 9. Qa4 Qh5 10. Nc3 Nbd7 11. Qc2 e5 12. dxe5 Nxe5 13. Nxe5 Qxe5 14. Bf4 Qh5
15. Bd6 Re8 16. Rad1 Bh3 17. Bxh3 Qxh3 18. f3 Rad8 19. e4 Qe6 20. Bc5 Nd7 21.
Be3 Nb6 22. b3 Rxd1 23. Nxd1 Rd8 24. Nf2 Bd4 25. Rd1 Qf6 26. Qd2 c5 27. Kg2 Rd7
28. Bxd4 Rxd4 29. Qc3 Qd6 30. Rxd4 cxd4 31. Qa5 Nc8 32. e5 Qb6 33. Qa4 Kg7 34.
Qd7 Qc5 35. Ne4 Qc2+ 36. Kh3 Nb6 37. Qxd4 Qc8+ 38. g4 Qe6 39. Nc5 Qe7 40. f4 f5
41. g5 Qe8 42. Qd6 Qb5 43. Qf6+ Kg8 44. Qd8+ Kf7 1-0

[Event "Cuiaba op"]
[Site "Cuiaba"]
[Date "2007.10.06"]
[Round "3"]
[White "Diamant, Andre"]
[Black "Delgado Ramirez, Neuris"]
[Result "1/2-1/2"]
[WhiteElo "2395"]
[BlackElo "2539"]
[PlyCount "73"]
[EventDate "2007.10.04"]
[EventType "swiss"]
[EventRounds "6"]
[EventCountry "BRA"]
[SourceTitle "EXT 2008"]
[Source "ChessBase"]
[SourceDate "2007.11.25"]
[SourceVersion "1"]
[SourceVersionDate "2007.11.25"]
[SourceQuality "1"]

1. e4 c5 2. Nf3 d6 3. d4 cxd4 4. Nxd4 Nf6 5. Nc3 Nc6 6. Bg5 e6 7. Qd2 Be7 8.
O-O-O O-O 9. f4 h6 10. Bxf6 Bxf6 11. Nxc6 bxc6 12. Qxd6 Qb6 13. Qd2 Rb8 14. b3
Qa5 15. Na4 Qxa4 16. bxa4 Bb2+ 17. Kb1 Bc3+ 18. Kc1 Bxd2+ 19. Rxd2 Rb4 20. Bd3
Rxa4 21. c3 e5 22. f5 Ba6 23. Bxa6 Rxa6 24. Re1 Ra4 25. Ree2 Rb8 26. Rb2 Rd8
27. Kc2 Kf8 28. Kb3 Ra5 29. Red2 Rb8+ 30. Kc4 Rb6 31. Rb4 Ke7 32. a4 c5 33.
Rxb6 axb6 34. Kb3 Ra8 35. Rd5 f6 36. h4 h5 37. Rd2 1/2-1/2

[Event "Cuiaba op"]
[Site "Cuiaba"]
[Date "2007.10.06"]
[Round "4"]
[White "Delgado Ramirez, Neuris"]
[Black "Maia, Luciano Malta"]
[Result "1-0"]
[WhiteElo "2539"]
[BlackElo "2372"]
[PlyCount "53"]
[EventDate "2007.10.04"]
[EventType "swiss"]
[EventRounds "6"]
[EventCountry "BRA"]
[SourceTitle "EXT 2008"]
[Source "ChessBase"]
[SourceDate "2007.11.25"]
[SourceVersion "1"]
[SourceVersionDate "2007.11.25"]
[SourceQuality "1"]

1. Nf3 Nf6 2. g3 d5 3. Bg2 e6 4. O-O Be7 5. d3 O-O 6. Nbd2 d4 7. Nc4 c5 8. e4
Nc6 9. a4 Nd7 10. Nfd2 e5 11. f4 f6 12. Bh3 Nb6 13. Bxc8 Nxc8 14. f5 Rb8 15. g4
b6 16. Rf2 a6 17. Nf3 b5 18. Ncd2 Nd6 19. Rg2 c4 20. Nf1 g5 21. fxg6 hxg6 22.
Ng3 Rf7 23. Qe2 Kf8 24. Nh4 Kg7 25. axb5 axb5 26. Qd2 Qh8 27. Nh5+ 1-0

[Event "CUB-ch"]
[Site "Santa Clara"]
[Date "2008.01.08"]
[Round "1"]
[White "Delgado Ramirez, Neuris"]
[Black "Perez Garcia, Rodney Oscar"]
[Result "1-0"]
[WhiteElo "2546"]
[BlackElo "2427"]
[PlyCount "121"]
[EventDate "2008.01.08"]
[EventType "swiss"]
[EventRounds "9"]
[EventCountry "CUB"]
[SourceTitle "EXT 2009"]
[Source "ChessBase"]
[SourceDate "2008.11.26"]
[SourceVersion "1"]
[SourceVersionDate "2008.11.26"]
[SourceQuality "1"]

1. Nf3 d5 2. g3 Nf6 3. Bg2 e6 4. c4 Be7 5. O-O O-O 6. Qc2 dxc4 7. Na3 Bxa3 8.
bxa3 Nc6 9. Bb2 Nd5 10. Qxc4 Qe7 11. e4 Nb6 12. Qc2 Bd7 13. Rfe1 Rad8 14. d4 f5
15. Nd2 Qf7 16. Nb3 Bc8 17. Rad1 fxe4 18. Bxe4 Qh5 19. Nc5 Nd5 20. Rd2 Rf6 21.
Bg2 Rh6 22. h3 Rg6 23. Nd3 Rf6 24. Rde2 Qf5 25. Re4 Rh6 26. Qb3 Rf8 27. R1e2
Rxh3 28. Bxh3 Qxh3 29. Nc5 Rf6 30. Rxe6 Bxe6 31. Rxe6 Rxe6 32. Qxd5 Kf7 33.
Nxe6 Qxe6 34. Qf3+ Qf6 35. Qb3+ Qe6 36. d5 Qe1+ 37. Kg2 Qe4+ 38. Kg1 Qe1+ 39.
Kg2 Qe4+ 40. Kg1 Qe1+ 41. Kg2 Qe4+ 42. Kh2 Nd4 43. Bxd4 Qxd4 44. d6+ Kf6 45.
Qf3+ Ke6 46. dxc7 Kd7 47. Qf7+ Kc8 48. Kg2 h6 49. f3 b5 50. Kh3 a5 51. f4 Qa1
52. Qe7 Qh1+ 53. Kg4 Qd1+ 54. Kf5 Qc2+ 55. Ke5 Qb2+ 56. Kd5 Kb7 57. c8=R+ Kxc8
58. Kc6 Qg2+ 59. Kb6 Qf2+ 60. Qc5+ Qxc5+ 61. Kxc5 1-0

[Event "CUB-ch"]
[Site "Santa Clara"]
[Date "2008.01.09"]
[Round "2"]
[White "Borges Matos, Juan R"]
[Black "Delgado Ramirez, Neuris"]
[Result "1-0"]
[WhiteElo "2448"]
[BlackElo "2546"]
[PlyCount "73"]
[EventDate "2008.01.08"]
[EventType "swiss"]
[EventRounds "9"]
[EventCountry "CUB"]
[SourceTitle "EXT 2009"]
[Source "ChessBase"]
[SourceDate "2008.11.26"]
[SourceVersion "1"]
[SourceVersionDate "2008.11.26"]
[SourceQuality "1"]

1. d4 Nf6 2. c4 e6 3. Nf3 Bb4+ 4. Bd2 a5 5. Qc2 d5 6. a3 Be7 7. Bg5 O-O 8. Nc3
Nbd7 9. e3 h6 10. Bh4 b6 11. cxd5 exd5 12. Bb5 Bb7 13. Qa4 Rc8 14. Bxf6 Nxf6
15. Bc6 Ba6 16. Nb5 Ne4 17. O-O Nd6 18. Nxd6 Qxd6 19. Rfc1 Be2 20. Ne5 f6 21.
Ng6 Rf7 22. Nf4 Bc4 23. Rxc4 dxc4 24. Bd5 g5 25. Bxf7+ Kxf7 26. Qxc4+ Ke8 27.
Nh5 Kd7 28. Ng7 c6 29. Rc1 Bf8 30. Nf5 Qe6 31. Qd3 h5 32. e4 h4 33. h3 Bd6 34.
d5 cxd5 35. Qb5+ Kd8 36. Qxb6+ Kd7 37. Qb5+ 1-0

[Event "CUB-ch"]
[Site "Santa Clara"]
[Date "2008.01.10"]
[Round "3"]
[White "Delgado Ramirez, Neuris"]
[Black "Gonzalez Vidal, Yuri"]
[Result "1/2-1/2"]
[WhiteElo "2546"]
[BlackElo "2487"]
[PlyCount "94"]
[EventDate "2008.01.08"]
[EventType "swiss"]
[EventRounds "9"]
[EventCountry "CUB"]
[SourceTitle "EXT 2009"]
[Source "ChessBase"]
[SourceDate "2008.11.26"]
[SourceVersion "1"]
[SourceVersionDate "2008.11.26"]
[SourceQuality "1"]

1. d4 Nf6 2. Nc3 d5 3. Bg5 h6 4. Bh4 e6 5. Qd3 c5 6. dxc5 Nbd7 7. O-O-O Qc7 8.
Bg3 Qxc5 9. Nf3 Bd6 10. Nd4 Bxg3 11. hxg3 Ne5 12. Qd2 Bd7 13. e3 Rc8 14. Be2 a6
15. Nb3 Qc7 16. f4 Nc4 17. Qd4 b5 18. Bxc4 Qxc4 19. a3 O-O 20. Qxc4 Rxc4 21.
Rd4 Rc7 22. Kb1 Rfc8 23. Rhd1 Be8 24. R1d2 Kf8 25. Nc1 Rxc3 26. bxc3 Ne4 27.
Rxe4 dxe4 28. Kb2 Bc6 29. Nb3 Bd5 30. Rd4 Ke7 31. g4 g5 32. fxg5 hxg5 33. Nd2
Rh8 34. c4 bxc4 35. Nxe4 Rh2 36. Nc3 Rxg2 37. Nxd5+ exd5 38. Kc3 Ke6 39. e4
Rg3+ 40. Kb4 dxe4 41. Rxe4+ Kd5 42. Rxc4 a5+ 43. Kb5 Rxa3 44. Rc5+ Kd4 45. Rxg5
Rc3 46. Rf5 Rxc2 47. Rxf7 Rc5+ 1/2-1/2

[Event "CUB-ch"]
[Site "Santa Clara"]
[Date "2008.01.11"]
[Round "4"]
[White "Alvarez, Jose"]
[Black "Delgado Ramirez, Neuris"]
[Result "0-1"]
[WhiteElo "2384"]
[BlackElo "2546"]
[PlyCount "36"]
[EventDate "2008.01.08"]
[EventType "swiss"]
[EventRounds "9"]
[EventCountry "CUB"]
[SourceTitle "EXT 2009"]
[Source "ChessBase"]
[SourceDate "2008.11.26"]
[SourceVersion "1"]
[SourceVersionDate "2008.11.26"]
[SourceQuality "1"]

1. Nf3 Nf6 2. c4 e6 3. g3 a6 4. Bg2 b5 5. b3 c5 6. O-O Bb7 7. d3 Be7 8. Bb2 Qb6
9. Nbd2 O-O 10. a4 Nc6 11. Ne5 Nb4 12. Ne4 Rad8 13. axb5 axb5 14. Nxf6+ Bxf6
15. Bxb7 Qxb7 16. Qd2 d6 17. Nf3 Bxb2 18. Qxb2 Nxd3 0-1

[Event "CUB-ch"]
[Site "Santa Clara"]
[Date "2008.01.12"]
[Round "5"]
[White "Delgado Ramirez, Neuris"]
[Black "Corrales Jimenez, Fidel"]
[Result "1/2-1/2"]
[WhiteElo "2546"]
[BlackElo "2509"]
[PlyCount "111"]
[EventDate "2008.01.08"]
[EventType "swiss"]
[EventRounds "9"]
[EventCountry "CUB"]
[SourceTitle "EXT 2009"]
[Source "ChessBase"]
[SourceDate "2008.11.26"]
[SourceVersion "1"]
[SourceVersionDate "2008.11.26"]
[SourceQuality "1"]

1. e4 c5 2. Nf3 Nc6 3. Bb5 g6 4. O-O Bg7 5. Re1 e5 6. Bxc6 dxc6 7. d3 Qe7 8.
Be3 Nf6 9. h3 O-O 10. Qd2 b6 11. Bh6 Bxh6 12. Qxh6 Nh5 13. Nc3 f6 14. Ne2 Qg7
15. Qe3 g5 16. Nd2 Kh8 17. a3 Nf4 18. b4 Qh6 19. bxc5 bxc5 20. Nc4 Rg8 21. Nd6
Qf8 22. Nxc8 Rxc8 23. Ng3 h5 24. Nf5 Rc7 25. Rab1 h4 26. Qf3 Rh7 27. Rb2 c4 28.
dxc4 Qc5 29. Reb1 Qxc4 30. Rb8 Rd7 31. Kh2 Rxb8 32. Rxb8+ Kh7 33. Rf8 Qe6 34.
Qe3 Ng6 35. Ra8 Ne7 36. Qf3 Qf7 37. Nxe7 Rxe7 38. Qf5+ Kg7 39. Qc8 Kg6 40. Qxc6
Rc7 41. Qd6 Qc4 42. Rf8 Rf7 43. Rxf7 Qxf7 44. Qd5 Qe7 45. Qb3 Qc5 46. Kg1 Kg7
47. c3 a5 48. Kf1 Qc6 49. f3 Qc5 50. c4 Kh6 51. Qd3 Kg6 52. Qc2 Kh6 53. Qd3 Kg6
54. Qd5 Qe3 55. Qg8+ Kh5 56. Qh8+ 1/2-1/2

[Event "CUB-ch"]
[Site "Santa Clara"]
[Date "2008.01.13"]
[Round "6"]
[White "Delgado Ramirez, Neuris"]
[Black "Martinez Duany, Lelys Stanley"]
[Result "1/2-1/2"]
[WhiteElo "2546"]
[BlackElo "2445"]
[PlyCount "57"]
[EventDate "2008.01.08"]
[EventType "swiss"]
[EventRounds "9"]
[EventCountry "CUB"]
[SourceTitle "EXT 2009"]
[Source "ChessBase"]
[SourceDate "2008.11.26"]
[SourceVersion "1"]
[SourceVersionDate "2008.11.26"]
[SourceQuality "1"]

1. e4 c5 2. Nf3 Nc6 3. Bb5 e6 4. O-O Nge7 5. Re1 Qc7 6. c3 a6 7. Bxc6 Qxc6 8.
d4 d6 9. c4 cxd4 10. Nxd4 Qc7 11. Nc3 Ng6 12. Bg5 h6 13. Be3 Be7 14. Rc1 O-O
15. Qh5 Re8 16. f4 Bf6 17. f5 Ne5 18. Rf1 Qd8 19. b3 Bg5 20. Bxg5 Qxg5 21. Qe2
Bd7 22. Rcd1 Rad8 23. h3 Nc6 24. Qf2 Nxd4 25. Rxd4 Bc6 26. Rd3 exf5 27. exf5
Re5 28. Nd5 Bxd5 29. Rxd5 1/2-1/2

[Event "CUB-ch"]
[Site "Santa Clara"]
[Date "2008.01.15"]
[Round "8"]
[White "De la Paz Perdomo, Frank"]
[Black "Delgado Ramirez, Neuris"]
[Result "1/2-1/2"]
[WhiteElo "2441"]
[BlackElo "2546"]
[PlyCount "20"]
[EventDate "2008.01.08"]
[EventType "swiss"]
[EventRounds "9"]
[EventCountry "CUB"]
[SourceTitle "EXT 2009"]
[Source "ChessBase"]
[SourceDate "2008.11.26"]
[SourceVersion "1"]
[SourceVersionDate "2008.11.26"]
[SourceQuality "1"]

1. e4 e5 2. Nf3 Nf6 3. Nxe5 d6 4. Nf3 Nxe4 5. Nc3 Nf6 6. d4 d5 7. Be2 Be7 8.
O-O O-O 9. h3 Bf5 10. Bd3 Bxd3 1/2-1/2

[Event "CUB-ch"]
[Site "Santa Clara"]
[Date "2008.01.16"]
[Round "9"]
[White "Delgado Ramirez, Neuris"]
[Black "Vera Gonzalez Quevedo, Reynaldo"]
[Result "1/2-1/2"]
[WhiteElo "2546"]
[BlackElo "2495"]
[PlyCount "24"]
[EventDate "2008.01.08"]
[EventType "swiss"]
[EventRounds "9"]
[EventCountry "CUB"]
[SourceTitle "EXT 2009"]
[Source "ChessBase"]
[SourceDate "2008.11.26"]
[SourceVersion "1"]
[SourceVersionDate "2008.11.26"]
[SourceQuality "1"]

1. e4 e6 2. d4 d5 3. exd5 exd5 4. Bf4 Bd6 5. Bxd6 Qxd6 6. c3 Ne7 7. Bd3 Nbc6 8.
Ne2 Bf5 9. Bxf5 Nxf5 10. Ng3 Nce7 11. O-O O-O 12. Qf3 g6 1/2-1/2

[Event "Mexican op 54th"]
[Site "Aguascalientes"]
[Date "2008.03.18"]
[Round "1"]
[White "Garcia Guerrero, Isaac Antonio"]
[Black "Delgado Ramirez, Neuris"]
[Result "0-1"]
[WhiteElo "2112"]
[BlackElo "2546"]
[PlyCount "56"]
[EventDate "2008.03.18"]
[EventType "swiss"]
[EventRounds "9"]
[EventCountry "MEX"]
[SourceTitle "CBM 123 Extra"]
[Source "ChessBase"]
[SourceDate "2008.05.06"]
[SourceVersion "1"]
[SourceVersionDate "2008.05.06"]
[SourceQuality "1"]

1. d4 Nf6 2. Bg5 Ne4 3. Bf4 c5 4. f3 Nf6 5. dxc5 b6 6. cxb6 Qxb6 7. Nc3 Nc6 8.
e4 e5 9. Bg5 Bc5 10. Nh3 Qxb2 11. Bd2 Nb4 12. Bd3 O-O 13. Na4 Qd4 14. Nxc5 Qxc5
15. Nf2 Ba6 16. Bxb4 Qxb4+ 17. Qd2 Qd4 18. O-O Rfc8 19. Qa5 Bxd3 20. cxd3 h5
21. h4 Rc5 22. Qa3 Rc3 23. Qa5 Rac8 24. Rad1 d5 25. Rb1 Rc2 26. Rb4 Qe3 27. Qa6
R8c6 28. Qb7 Rxf2 0-1

[Event "Mexican op 54th"]
[Site "Aguascalientes"]
[Date "2008.03.19"]
[Round "2"]
[White "Delgado Ramirez, Neuris"]
[Black "Carreto Nieto, Geovanni"]
[Result "1-0"]
[WhiteElo "2546"]
[BlackElo "2212"]
[PlyCount "69"]
[EventDate "2008.03.18"]
[EventType "swiss"]
[EventRounds "9"]
[EventCountry "MEX"]
[SourceTitle "CBM 123 Extra"]
[Source "ChessBase"]
[SourceDate "2008.05.06"]
[SourceVersion "1"]
[SourceVersionDate "2008.05.06"]
[SourceQuality "1"]

1. Nf3 c5 2. e4 Nc6 3. Bb5 Na5 4. c3 a6 5. Ba4 b5 6. Bc2 e6 7. d4 Bb7 8. O-O b4
9. dxc5 Bxc5 10. cxb4 Bxb4 11. Qd4 Bf8 12. Bg5 f6 13. Be3 Rc8 14. Nc3 Nc4 15.
Bb3 Nxe3 16. Qxe3 Bc5 17. Qe2 Nh6 18. Rad1 Qc7 19. Ba4 Rd8 20. Rc1 O-O 21. a3
Qf4 22. Qc4 Ba7 23. Rcd1 f5 24. Bxd7 fxe4 25. Bxe6+ Kh8 26. Rxd8 Rxd8 27. Re1
Qf6 28. Nxe4 Qxb2 29. Nfg5 Rf8 30. Rf1 Qe5 31. Qb4 Rb8 32. Qd6 Qa5 33. Rd1 Qb6
34. Qd3 Rf8 35. Nc5 1-0

[Event "Mexican op 54th"]
[Site "Aguascalientes"]
[Date "2008.03.20"]
[Round "3"]
[White "Escobedo Tinajero, Alberto"]
[Black "Delgado Ramirez, Neuris"]
[Result "0-1"]
[WhiteElo "2374"]
[BlackElo "2546"]
[PlyCount "96"]
[EventDate "2008.03.18"]
[EventType "swiss"]
[EventRounds "9"]
[EventCountry "MEX"]
[SourceTitle "CBM 123 Extra"]
[Source "ChessBase"]
[SourceDate "2008.05.06"]
[SourceVersion "1"]
[SourceVersionDate "2008.05.06"]
[SourceQuality "1"]

1. d4 Nf6 2. c4 e6 3. Nf3 d5 4. e3 c5 5. Nc3 Nc6 6. Bd3 a6 7. a3 Bd6 8. O-O O-O
9. h3 dxc4 10. Bxc4 b5 11. Bd3 cxd4 12. exd4 Bb7 13. Qe2 Ne7 14. Rd1 Ned5 15.
Ne4 Nxe4 16. Qxe4 g6 17. Bg5 Be7 18. Qh4 Bxg5 19. Nxg5 Nf6 20. d5 Bxd5 21. Be4
Kg7 22. Bxd5 exd5 23. Qd4 Re8 24. Rac1 Qd6 25. f4 Rac8 26. b4 Rxc1 27. Rxc1 h6
28. h4 Re2 29. Rc8 Re1+ 30. Kh2 Re3 31. Ra8 Re7 32. Kg3 Qc6 33. Rb8 Qd7 34. Nf3
Re4 35. Qc5 Re8 36. Rxe8 Qxe8 37. Qd4 Qe4 38. Kf2 Qc2+ 39. Kg3 Qb3 40. Kh2 Qc4
41. Qe5 Qe4 42. Kg3 Qd3 43. Kh2 Qxa3 44. Qd4 Qe3 45. Kg3 Qe2 46. h5 gxh5 47.
Ne5 h4+ 48. Kh2 h3 0-1